|
|
|
|
| LEADER |
00000nab a2200000 a 4500 |
| 001 |
vtls009489881 |
| 003 |
SK-MaSNL |
| 005 |
20260426071321.0 |
| 008 |
140422c2009 xo |||||| | ||00 b|slo |
| 015 |
|
|
|a SNBRB2009/04
|2 snkbucl
|
| 038 |
|
|
|a SNKBUCL
|
| 040 |
|
|
|a SNKBUCL
|b slo
|c SNKBUCL
|e AACR2
|
| 041 |
0 |
|
|a slo
|
| 044 |
|
|
|a xo
|c SK
|
| 080 |
|
|
|a [070+050]:340.13
|x (437.6)
|2 2001
|
| 080 |
|
|
|a 340.13:[070+050]
|x (437.6)
|2 2001
|
| 080 |
|
|
|a 342.7
|x (437.6)
|2 2001
|
| 100 |
1 |
|
|a Kaliský, Roman,
|d 1922-2015
|4 aut
|9 229859
|
| 245 |
1 |
0 |
|a Spätná väzba tlačového zákona
|c Roman Kaliský-Hronský
|
| 630 |
0 |
7 |
|a Tlačový zákon
|2 snkbucl
|9 1051602
|
| 650 |
0 |
7 |
|a sloboda slova
|2 snkbucl
|9 510720
|
| 650 |
0 |
7 |
|a právo na odpoveď
|2 snkbucl
|9 1051603
|
| 651 |
|
7 |
|a Slovensko
|2 SNKPHgeo
|9 14231
|
| 773 |
0 |
|
|t Literárny (dvoj)týždenník
|g Roč. XXII, č. 1-2 (2009), s. 9
|x 0862-5999
|
| 852 |
|
|
|a SNK
|b KIS3GCP
|
| 999 |
|
|
|c 2677360
|d 2679290
|